| 000 | 00426nam a2200157Ia 4500 | ||
|---|---|---|---|
| 008 | 151213s9999 xx 000 0 und d | ||
| 020 | _a0-87207- 171-5 | ||
| 100 | _aSusan B. Newman | ||
| 245 |
_aAccess for All _cSusan B. Newman |
||
| 260 |
_aNew York _bInternational Reading Association _c2001 |
||
| 300 | _a6503 p. | ||
| 650 | _aEnglish Language | ||
| 650 | _aEnglish Language | ||
| 700 | _aSusan B. Newman | ||
| 999 |
_c3593 _d3593 |
||